000 01412nam a2200361 i 4500
001 194884
003 SpMaBN
005 20250716034716.0
007 ta
008 240521s1935 sp | |||| 000 j spa
035 _a(OCoLC)796306734
035 _aa4730888
040 _aSpMaBN
_bspa
_cSpMaBN
_erdc
_dES-MaACL
080 _a821.161.1-32"18"
100 1 _aTolstói, Lev,
_d1828-1910
_0XX952520
_9110489
245 1 3 _aEl aprendiz de zapatero :
_b(novela fantástica) /
_cpor León Tolstoi.
260 _aMadrid :
_bRevista Literaria "Novelas y cuentos",
_c1935.
300 _a23 p. ;
_c32 cm
336 _2rdacontent
_atexto
337 _2rdamedia
_asin mediación
338 _2rdacarrier
_avolumen
490 1 _aRevista literaria "Novelas y cuentos" ;
_vaño 7, n. 363
500 _aIncluye "La muerte de Ivan Ilitch" y "La vida en el campo"
655 0 _9236495
_aNovelas fantásticas
773 _0194867
_9202503
_gG-15982
_aObras encuadernadas juntas
830 0 _aRevista literaria "Novelas y cuentos"
_vaño 7, n. 363
_9236217
852 _aES-MaACL
_cDEPO2
_jG-15982(8)
_hLegado: Juan Antonio Porto
_xEncuadernado con otras obras formando un volumen facticio.
_9202503
903 _993285
_aPorto, Juan Antonio,
_q1
_d1937-2021
_ednr
942 _n0
_cFOLLETOS
999 _c194884
_d194884